00993cam a2200253 a 450000100100000000500170001000800410002701000130006802000150008104000230009608200150011910000350013424500720016926001630024130000310040449000210043550400410045665000270049765000200052483000280054491000340057295201180060699900150072400000147620200929145606.0860804s1986 waua b i000 0 spa  a86190762 a0827023162 aDO-SdBNPcDLCdDLC a548bR696f1 aRodríguez Lara, Jaime.9487710aFundamentos de cristalografía física /cJaime Rodríguez Lara. aWashington, D. C. :bSecretaría General de la Organización de los Estados Americanos, Programa Regional de Desarrollo Científico y Tecnológico,c1986. avi, 82 p. :bil. ;c23 cm.1 aFísicavno. 15 aIncluye referencias bibliográficas 4aCristalografía94878 4aCristales94879 0aFísica;vno. 1594595 aCatalogación por copia / LC 001052708MOaGRbGRcCTd2009-07-23iLF1l0o548 R696fp1476-10r2020-06-25w2020-06-25y2ZPréstamo interno c1384d1384